|
|
|
|
| LEADER |
00000naa2a2200000 4500 |
| 001 |
615559 |
| 005 |
20231101132850.0 |
| 035 |
|
|
|a (RuTPU)RU\TPU\conf\13758
|
| 035 |
|
|
|a RU\TPU\conf\13756
|
| 090 |
|
|
|a 615559
|
| 100 |
|
|
|a 20151111d2015 k y0rusy50 ca
|
| 101 |
0 |
|
|a rus
|
| 102 |
|
|
|a RU
|
| 105 |
|
|
|a y z 101zy
|
| 135 |
|
|
|a drcn ---uucaa
|
| 181 |
|
0 |
|a i
|
| 182 |
|
0 |
|a b
|
| 200 |
1 |
|
|a Эффективный метод иммобилизации высокоактивных отходов
|f О. И. Катаева, Д. А. Седнев
|
| 203 |
|
|
|a Текст
|c электронный
|
| 225 |
1 |
|
|a Актуальные вопросы ядерного нераспространения, безопасность и экология ядерной отрасли
|
| 230 |
|
|
|a 1 компьютерный файл (pdf; 187 Кb)
|
| 300 |
|
|
|a Заглавие с титульного экрана
|
| 320 |
|
|
|a [Библиогр.: с. 46 (1 назв.)]
|
| 337 |
|
|
|a Adobe Reader
|
| 463 |
|
0 |
|0 (RuTPU)RU\TPU\conf\13155
|t VI Школа-конференция молодых атомщиков Сибири
|o сборник тезисов докладов, 14-16 октября 2015 г., г. Томск
|f Росатом ; Томская область, Администрация ; Сибирский химический комбинат (СХК) ; Национальный исследовательский Томский политехнический университет (ТПУ) ; Национальный исследовательский ядерный университет "МИФИ", Северский технологический институт (СТИ)
|v [С. 46]
|d 2015
|
| 610 |
1 |
|
|a труды учёных ТПУ
|
| 610 |
1 |
|
|a электронный ресурс
|
| 610 |
1 |
|
|a эффективные методы
|
| 610 |
1 |
|
|a иммобилизация
|
| 610 |
1 |
|
|a высокоактивные отходы
|
| 610 |
1 |
|
|a АЭС
|
| 610 |
1 |
|
|a радиоактивные отходы
|
| 700 |
|
1 |
|a Катаева
|b О. И.
|
| 701 |
|
1 |
|a Седнев
|b Д. А.
|c специалист в области неразрушающего контроля
|c ассистент Томского политехнического университета, младший научный сотрудни
|f 1989-
|g Дмитрий Андреевич
|2 stltpush
|3 (RuTPU)RU\TPU\pers\28045
|
| 712 |
0 |
2 |
|a Национальный исследовательский Томский политехнический университет (ТПУ)
|b Физико-технический институт (ФТИ)
|b Кафедра физико-энергетических установок (№ 21) (ФЭУ)
|h 48
|2 stltpush
|3 (RuTPU)RU\TPU\col\18730
|
| 801 |
|
2 |
|a RU
|b 63413507
|c 20210215
|g RCR
|
| 856 |
4 |
|
|u http://earchive.tpu.ru/handle/11683/22308
|
| 856 |
4 |
|
|u http://www.lib.tpu.ru/fulltext/c/2015/C63/029.pdf
|
| 942 |
|
|
|c BK
|